000
00456nam a2200145Ia 4500
008
100204s9999 xx 000 0 und d
082
_b
10812
100
_a
रावजी आशू / कानडे दिनू
245
_a
कालिंदी
260
_b
"डॉल्फिन लायब्ररी, गोवा"
_c
1988
300
_a
189
630
_a
कालिंदी
730
_a
कालिंदी
942
_c
BOOK
999
_c
455248
_d
455245